000 00583nam a2200217Ia 4500
008 180523s9999 xx 000 0 und d
020 _a978-007-126234-7
050 _aMAIN HD 38.5
050 _b.B69 2007 c.2
100 _aBowersox, Donald J.
245 0 _aSupply chain logistics management /
245 0 _cDonald J. Bowersox, David J. Closs, M. Bixby Cooper.
250 _a2nd Edition
260 _aNew York :
260 _bMcGraw-Hill,
260 _c2007
300 _a410 pages :
300 _c25 cm.
500 _aIncludes index.
650 _aBusiness logistics.
999 _c356880
_d356880